000 00762nam a2200229Ii 4500
003 JO-AjNU
008 230605s9999||||xx |||||||||||||| ||und||
017 _a1997/7109
020 _a977-01-2519-6
040 _aJO-AjNU
_bara
_erda
_cJO-AjNU
041 _aara
050 1 4 _aDF553.R9612 1997
100 3 _aرنسيمان، ستيفن؛ ترجمة جاويد، عبد العزيز توفيق,
_eauthor
_919490
245 0 0 _aالحضارة البيزنطية
250 _aط2
264 3 1 _aالقاهرة: الهيئة المصرية العامة للكتاب،1997
300 _a415ص
336 _atext
_btxt
_2rdacontent
337 _aunmediated
_bn
_2rdamedia
338 _avolume
_bnc
_2rdacarrier
650 4 _aالبيزنطيون- حضارة
_919491
999 _aA6441
_c10009
_d10009